Agronomy for Competitive Exams : a basic knowledge repository for the aspirants of UPSC, ICAR, SPSC, AO & allied exams / by R. Rex Immanuel (Record no. 52243)
[ view plain ]
| 000 -LEADER | |
|---|---|
| fixed length control field | 00655nam a22001577a 4500 |
| 003 - CONTROL NUMBER IDENTIFIER | |
| control field | OSt |
| 008 - FIXED-LENGTH DATA ELEMENTS--GENERAL INFORMATION | |
| fixed length control field | 260623b |||||||| |||| 00| 0 eng d |
| 020 ## - INTERNATIONAL STANDARD BOOK NUMBER | |
| International Standard Book Number | 9788119105076 |
| 082 ## - DEWEY DECIMAL CLASSIFICATION NUMBER | |
| Classification number | 630.76 |
| Item number | I33A |
| 100 ## - MAIN ENTRY--PERSONAL NAME | |
| Personal name | Immanuel, R. Rex |
| 245 ## - TITLE STATEMENT | |
| Title | Agronomy for Competitive Exams : a basic knowledge repository for the aspirants of UPSC, ICAR, SPSC, AO & allied exams / by R. Rex Immanuel |
| 260 ## - PUBLICATION, DISTRIBUTION, ETC. (IMPRINT) | |
| Place of publication, distribution, etc | New Delhi: |
| Name of publisher, distributor, etc | International Books & Periodicals Supply Service, |
| Date of publication, distribution, etc | 2024. |
| 300 ## - PHYSICAL DESCRIPTION | |
| Extent | xvi, 730 p. |
| 650 ## - SUBJECT ADDED ENTRY--TOPICAL TERM | |
| Topical term or geographic name as entry element | Technology (Applied Sciences) | Agriculture and Related Technologies | Agronomy | UPSC | ICAR, SPSC, AO | Questions and Answers |
| 942 ## - ADDED ENTRY ELEMENTS (KOHA) | |
| Source of classification or shelving scheme | |
| Koha item type | Books |
| Withdrawn status | Lost status | Source of classification or shelving scheme | Damaged status | Not for loan | Home library | Current library | Shelving location | Date acquired | Source of acquisition | Cost, normal purchase price | Total Checkouts | Full call number | Barcode | Date last seen | Bill Date | Koha item type | Bill Number |
|---|---|---|---|---|---|---|---|---|---|---|---|---|---|---|---|---|---|
| Dr. Rajendra Prasad Central Agricultural University Pusa, | Dr. Rajendra Prasad Central Agricultural University Pusa, | General Stacks | 23/06/2026 | IBPSS | 1450.00 | 630.76 I33A | 87115 | 23/06/2026 | 28/01/2026 | Books | Invoice No. IBPS/021/2025-26 |